00525nam a2200193Ia 4500001000600000003000500006008004100011010001100052040000900063082001500072100003900087245007600126260005100202300000900253440000500262500000500267503001100272650004800283Z_134CHAP220113s1986 xx 000 0 und d a163105 cCHAP a636.085 F5 aFlores Menéndez , José Alberto aManual de alimentación animal /cpor Jorge Alberto Flores Menéndez aMéxico, D. F. :bCiencia y Técnica,c1986 a4 v. a a a145679 aAlimentos y alimentación del ganado I. t.